000 00624nam a2200205Ia 4500
003 IEPS
005 20250703135310.0
008 250223s9999||||xx |||||||||||||| ||und||
020 _a9789957065911
040 _CIEPS
041 _aara
082 _a158.1
100 _aربيع محمد شحاته
245 0 _aعلم النفس الصناعي و المهني
260 _aعمان
_bدار المسيرة للنشر و التوزيع و الطباعة
_c2010
300 _a512 ص.
_bجداول ، رسوم
_c24 سم.
653 _aعلم النفس
653 _aعلم النفس الصناعي
942 _cكتاب
999 _c12975
_d12975